书目信息 |
| 题名: |
计算机辅助工业设计
|
|
| 作者: | 彭韧 编著 | |
| 分册: | ||
| 出版信息: | 北京 中国轻工业出版社 2001.04 |
|
| 页数: | 158页 | |
| 开本: | 26cm | |
| 丛书名: | 工业设计专业教学丛书 | |
| 单 册: | ||
| 中图分类: | TP391.7 | |
| 科图分类: | ||
| 主题词: | 计算机应用 | |
| 电子资源: | ||
| ISBN: | 7-5019-3151-8 | |
| 000 | 00665nam0 2200229 450 | |
| 001 | 0736299824 | |
| 005 | 20071215132902.95 | |
| 010 | @a7-5019-3151-8@dCNY35.00 | |
| 100 | @a20071120d2001 km y0chiy0120 ea | |
| 101 | 0 | @achi |
| 102 | @aCN@b110000 | |
| 200 | 1 | @a计算机辅助工业设计@Aji suan ji fu zhu gong ye she ji@f彭韧编著@Fpeng ren bian zhu |
| 210 | @a北京@c中国轻工业出版社@d2001.04 | |
| 215 | @a158页@d26cm | |
| 225 | 2 | @a工业设计专业教学丛书 |
| 410 | 0 | @12001 @a工业设计专业教学丛书 |
| 606 | 0 | @a计算机应用 |
| 690 | @aTP391.7@v4 | |
| 701 | 0 | @a彭韧@Apeng ren@4编著 |
| 801 | 0 | @aCN@bNISOFT@c20071215 |
| 905 | @aBZT@dTP391.7@e1 | |
| 906 | @dCNY35.00@n0@r1 | |
| 计算机辅助工业设计/彭韧编著.-北京:中国轻工业出版社,2001.04 |
| 158页;26cm.-(工业设计专业教学丛书) |
| ISBN 7-5019-3151-8:CNY35.00 |
| ● |
| 相关链接 |
|
|
|
正题名:计算机辅助工业设计
索取号:TP391.7/1
 
预约/预借
| 序号 | 登录号 | 条形码 | 馆藏地/架位号 | 状态 | 备注 |
| 1 | 637120 | 2000637120 | 中心书库中库/ 中库026架B面5列2层38/ [索取号:TP391.7/1] | 在馆 | |
| 2 | 637121 | 2000637121 | 中心书库中库/ 中库026架B面5列2层35/ [索取号:TP391.7/1] | 在馆 | |
| 3 | 637122 | 2000637122 | 中心书库中库/ 中库026架B面5列2层36/ [索取号:TP391.7/1] | 在馆 | |
| 4 | 637123 | 2000637123 | 中心书库中库/ 中库026架B面5列2层37/ [索取号:TP391.7/1] | 在馆 | |
| 5 | 637124 | 2000637124 | 中心书库中库/ 中库026架B面5列2层40/ [索取号:TP391.7/1] | 在馆 | |
| 6 | 637125 | 2000637125 | 中心书库中库/ 中库026架B面5列2层43/ [索取号:TP391.7/1] | 在馆 | |
| 7 | 637126 | 2000637126 | 中心书库中库/ 中库026架B面5列2层42/ [索取号:TP391.7/1] | 在馆 | |
| 8 | 637127 | 2000637127 | 中心书库中库/ 中库026架B面5列2层41/ [索取号:TP391.7/1] | 在馆 | |
| 9 | 637128 | 2000637128 | 中心书库中库/ 中库026架B面5列2层34/ [索取号:TP391.7/1] | 在馆 | |
| 10 | 637129 | 2000637129 | 中心书库中库/ 中库026架B面5列2层39/ [索取号:TP391.7/1] | 在馆 |